Rodičům dětí nastupujících do mateřské školy /

Hlavní autor: Bečka, Karel
Jazyk: Čeština
Vydáno: Praha : Ústav zdravotnej výchovy, 1983
Vydání: 3. vyd.
Témata:
Fyzický popis: 1 slož. list
Knihy
Uloženo v:
LEADER 00668nam a2200193 a 4500
001 000446716
003 CZ BrMZK
005 20120628094436.0
008 990307s1983 xr f cze d
040 |a BOA001  |b cze 
100 1 |a Bečka, Karel  |7 jk01011289 
245 1 0 |a Rodičům dětí nastupujících do mateřské školy /  |c Karel Bečka 
250 |a 3. vyd. 
260 |a Praha :  |b Ústav zdravotnej výchovy,  |c 1983 
300 |a 1 slož. list 
910 |a BOA001  |b PK-0086.715-83 
964 |a Školy mateřské - začátek docházky - letáky pro rodiče 
990 |a BK 
996 7 |b 3119830093  |c PK-0086.715-83  |l MZK  |r Sklad / do 1 hodiny  |n 0  |w 000446716  |u 000010  |a 1  |e BOA001  |j MZK50  |s A